00563nam a2200109Ia 4500008004100000245002200041300023600063650001600299856004700315999001900362952007200381170517s9999 xx 000 0 und d 4aThe Price of Life aDocumentary about the rationing of high cost cancer drugs by the National Institute for Health and Clinical Excellence. On a finite budget, the NHS cannot afford to offer every treatment on the market, so how is it decided which... xTechnology. uhttp://topdocumentaryfilms.com/price-life/ c335117d335117 001040aCLbCLd2017-05-17l0r2017-05-17 00:00:00w2017-05-17yDF